Xunzi ji jie : [20 juan /
Saved in:
| Main Author: | |
|---|---|
| Other Authors: | , |
| Format: | Book |
| Language: | Chinese |
| Published: |
[China :
s.n.],
Guangxu xin mao [1891]
|
| Tags: |
Add Tag
No Tags, Be the first to tag this record!
|
| LEADER | 00967cam a2200253ui 4500 | ||
|---|---|---|---|
| 001 | 007728848-3 | ||
| 005 | 20024617110921.0 | ||
| 008 | 951025s1891 cc 000 0 chi d | ||
| 035 | 0 | |a ocm33364547 | |
| 040 | |a *CVU* |c *CVU* |d *YNH* |d CStRLIN | ||
| 100 | 0 | |6 880-01 |a Xunzi, |d 340 B.C.-245 B.C. | |
| 245 | 1 | 0 | |6 880-02 |a Xunzi ji jie : |b [20 juan / |c Yang Liang zhu ; Wang Xianqian ji jie] |
| 260 | |6 880-03 |a [China : |b s.n.], |c Guangxu xin mao [1891] | ||
| 300 | |a 6 v. (double leaves) in case ; |c 26 cm. | ||
| 500 | |a Block print. | ||
| 700 | 1 | |6 880-04 |a Yang, Liang, |d active 8th century-9th century. | |
| 700 | 1 | |6 880-05 |a Wang, Xianqian, |d 1842-1918. | |
| 880 | 0 | |6 100-01 |a 荀子, |d 340 B.C.-245 B.C. | |
| 880 | 1 | 0 | |6 245-02 |a 荀子集解 : |b [20卷 / |c 楊倞注 ; 王先謙集解] |
| 880 | |6 260-03 |a [China : |b s.n.], |c 光緖辛卯 [1891] | ||
| 880 | 1 | |6 700-04 |a 楊倞, |d active 8th century-9th century. | |
| 880 | 1 | |6 700-05 |a 王先謙, |d 1842-1918. | |
| 988 | |a 20021108 | ||
| 906 | |0 OCLC | ||


